Statistics for Top 5 Capital Cities with Highest Muder Rates

Click here to take the quiz!

General Stats

  • This quiz has been taken 139 times
  • The average score is 3 of 5

Answer Stats

Homicides Per 100.000Answer% Correct
111.19Caracas
61%
59.06San Salvador
61%
53.49Guatemala City
55%
62.25Cape Town
45%
59.71Kingston
31%

Score Distribution

Percentile by Number Answered

Percent of People with Each Score

Your Score History

You have not taken this quiz